Benchmarking of quality and costs on transportation market
Benchmarking v doprave. Benchmarking z pohľadu zákazníka.
Gespeichert in:
| 1. Verfasser: | |
|---|---|
| Format: | Buchkapitel |
| Sprache: | Englisch |
| Schlagworte: | |
| Tags: |
Keine Tags, Fügen Sie das erste Tag hinzu!
|
MARC
| LEADER | 00000naa$a2200000$$$4500 | ||
|---|---|---|---|
| 001 | 0091229 | ||
| 005 | 20221128083121.4 | ||
| 041 | 0 | |a eng | |
| 044 | |a SK | ||
| 245 | 1 | 0 | |a Benchmarking of quality and costs on transportation market |c Lucia Némethyová |
| 520 | |a Benchmarking v doprave. Benchmarking z pohľadu zákazníka. | ||
| 610 | 2 | 0 | |a doprava |
| 610 | 2 | 0 | |a benchmarking |
| 610 | 2 | 0 | |a zákazníci |
| 100 | 1 | |a Némethyová, Lucia | |